Nghiên cứu ứng dụng bể USBF để xử lý nước thải ngành chế biến thủy hải sản : Báo cáo tổng kết đề tài khoa học và công nghệ cấp Trường
Nội dung đề tài xác định thông số thiết kế và đề xuất quy trình công nghệ xử lý với khả năng ứng dụng của bể USBF để xử lý nước thải ngành chế biến thủy sản hải sản nhằm đạt tiêu chuẩn cho phép, bảo vệ môi trường....
Saved in:
| Main Author: | |
|---|---|
| Format: | Book |
| Language: | Undetermined |
| Published: |
Cần Thơ
Trường Đại học Cần Thơ
2011
|
| Subjects: | |
| Tags: |
Add Tag
No Tags, Be the first to tag this record!
|
| Institutions: | Trung tâm Học liệu Trường Đại học Cần Thơ |
|---|
| LEADER | 01279nam a2200241Ia 4500 | ||
|---|---|---|---|
| 001 | CTU_203708 | ||
| 008 | 210402s9999 xx 000 0 und d | ||
| 082 | |a 628.16 | ||
| 082 | |b Th502 | ||
| 088 | |a T2011-37 | ||
| 100 | |a Phan, Thanh Thuận | ||
| 245 | 0 | |a Nghiên cứu ứng dụng bể USBF để xử lý nước thải ngành chế biến thủy hải sản : | |
| 245 | 0 | |b Báo cáo tổng kết đề tài khoa học và công nghệ cấp Trường | |
| 245 | 0 | |c Phan Thanh Thuận (Chủ nhiệm đề tài) | |
| 260 | |a Cần Thơ | ||
| 260 | |b Trường Đại học Cần Thơ | ||
| 260 | |c 2011 | ||
| 520 | |a Nội dung đề tài xác định thông số thiết kế và đề xuất quy trình công nghệ xử lý với khả năng ứng dụng của bể USBF để xử lý nước thải ngành chế biến thủy sản hải sản nhằm đạt tiêu chuẩn cho phép, bảo vệ môi trường. | ||
| 650 | |a Water,Nước,Environmental protection,Bảo vệ môi trường | ||
| 650 | |x Purification,Xử lý sạch | ||
| 904 | |i Tuyến | ||
| 915 | |a MT | ||
| 980 | |a Trung tâm Học liệu Trường Đại học Cần Thơ | ||